Normal view MARC view

Entry Personal Name

Number of records used in: 1

001 - CONTROL NUMBER

  • control field: 1574

003 - CONTROL NUMBER IDENTIFIER

  • control field: DLC

005 - DATE AND TIME OF LATEST TRANSACTION

  • control field: 20200127102836.0

008 - FIXED-LENGTH DATA ELEMENTS

  • fixed length control field: 020311n| azannaabn |a aaa

010 ## - LIBRARY OF CONGRESS CONTROL NUMBER

  • LC control number: n 2002090271

016 ## - NATIONAL BIBLIOGRAPHIC AGENCY CONTROL NUMBER

  • Record control number: 1016L2461E

035 ## - SYSTEM CONTROL NUMBER

  • System control number: (OCoLC)oca05710671

040 ## - CATALOGING SOURCE

  • Original cataloging agency: DLC
  • Language of cataloging: eng
  • Description conventions: rda
  • Transcribing agency: DLC
  • Modifying agency: DLC
  • Modifying agency: CaOONL

042 ## - AUTHENTICATION CODE

  • Authentication code: nlc

100 1# - HEADING--PERSONAL NAME

  • Personal name: Lumpkin, G. T.

370 ## - ASSOCIATED PLACE

  • Other associated place: New York (State)
  • Source of term: naf

372 ## - FIELD OF ACTIVITY

  • Field of activity: Entrepreneurship--Study and teaching (Higher)
  • Source of term: lcsh

373 ## - ASSOCIATED GROUP

  • Associated group: Syracuse University
  • Source of term: naf

374 ## - OCCUPATION

  • Occupation: College teachers
  • Source of term: lcsh

377 ## - ASSOCIATED LANGUAGE

  • Language code: eng

400 1# - SEE FROM TRACING--PERSONAL NAME

  • Personal name: Lumpkin, Tom

670 ## - SOURCE DATA FOUND

  • Source citation: Strategic management, 2003:
  • Information found: CIP t.p. (G.T. Lumpkin; Univ. of Ill. at Chicago) 2005 ed. t.p. (G.T. Lumpkin) p. iii (signed Tom)

670 ## - SOURCE DATA FOUND

  • Source citation: Strategic management, 2015:
  • Information found: title page (G.T. Lumpkin (Syracuse University)) page v (professor of entrepreneurship at Syracuse University in New York; prior to joining the faculty at Syracuse, Tom was the Kent Hance Regents Endowed Chair and professor of entrepreneurship at Texas Tech University)

Powered by Koha